| LEADER | 07285nam a2200661 a 4500 | ||
|---|---|---|---|
| 001 | vtls000008068 | ||
| 003 | VRT | ||
| 005 | 20170224091241.0 | ||
| 008 | 050929 2004 vm g 000 dvie d | ||
| 020 | |c 27000đ | ||
| 039 | 9 | |a 201210190852 |b Hanh |c 200509291051 |d quynh | |
| 040 | |a TVTTHCM |e AACR2. | ||
| 082 | 0 | 4 | |a 780 |b PH104TR |
| 100 | |a Phạm Trọng Cầu | ||
| 245 | 1 | 0 | |a Âm nhạc phổ thông |c Phạm Trọng Cầu chủ biên, Thy Mai |
| 260 | |a H. |b Giáo dục |c 1997 | ||
| 300 | |a 123 tr. |c 21 cm. | ||
| 520 | |a v...v | ||
| 653 | |a Âm nhạc | ||
| 653 | |a Phổ thông | ||
| 942 | |2 ddc |c STK0 | ||
| 949 | |6 100008707 |9 T.2 | ||
| 999 | |c 2379 |d 2379 | ||
| 952 | |0 0 |1 0 |2 ddc |4 0 |6 780_000000000000000_PH104TR |7 1 |8 700 |9 31281 |a qbu |b qbu |c D5 |d 2014-12-13 |g 6600 |o 780 PH104TR |p 4809.C1 |r 0000-00-00 |w 2014-12-13 |y STK0 |0 0 |6 780_000000000000000_PH104TR | ||
| 952 | |0 0 |1 0 |2 ddc |4 0 |6 780_000000000000000_PH104TR |7 0 |8 700 |9 31282 |a qbu |b qbu |c D5 |d 2014-12-13 |g 6600 |o 780 PH104TR |p 4809.C2 |r 0000-00-00 |w 2014-12-13 |y STK0 |0 0 |6 780_000000000000000_PH104TR | ||
| 952 | |0 0 |1 0 |2 ddc |4 0 |6 780_000000000000000_PH104TR |7 0 |8 700 |9 31283 |a qbu |b qbu |c D5 |d 2014-12-13 |g 6600 |o 780 PH104TR |p 4809.C3 |r 0000-00-00 |w 2014-12-13 |y STK0 |0 0 |6 780_000000000000000_PH104TR | ||
| 952 | |0 0 |1 0 |2 ddc |4 0 |6 780_000000000000000_PH104TR |7 0 |8 700 |9 31284 |a qbu |b qbu |c D5 |d 2014-12-13 |g 6600 |o 780 PH104TR |p 4809.C4 |r 0000-00-00 |w 2014-12-13 |y STK0 |0 0 |6 780_000000000000000_PH104TR | ||
| 952 | |0 0 |1 0 |2 ddc |4 0 |6 780_000000000000000_PH104TR |7 0 |8 700 |9 31285 |a qbu |b qbu |c D5 |d 2014-12-13 |g 6600 |o 780 PH104TR |p 4809.C5 |r 0000-00-00 |w 2014-12-13 |y STK0 |0 0 |6 780_000000000000000_PH104TR | ||
| 952 | |0 0 |1 0 |2 ddc |4 0 |6 780_000000000000000_PH104TR |7 0 |8 700 |9 31286 |a qbu |b qbu |c D5 |d 2014-12-13 |g 6600 |o 780 PH104TR |p 4809.C6 |r 0000-00-00 |w 2014-12-13 |y STK0 |0 0 |6 780_000000000000000_PH104TR | ||
| 952 | |0 0 |1 0 |2 ddc |4 0 |6 780_000000000000000_PH104TR |7 0 |8 700 |9 31287 |a qbu |b qbu |c D5 |d 2014-12-13 |g 6600 |o 780 PH104TR |p 4809.C7 |r 0000-00-00 |w 2014-12-13 |y STK0 |0 0 |6 780_000000000000000_PH104TR | ||
| 952 | |0 0 |1 0 |2 ddc |4 0 |6 780_000000000000000_PH104TR |7 0 |8 700 |9 31288 |a qbu |b qbu |c D5 |d 2014-12-13 |g 6600 |o 780 PH104TR |p 4809.C8 |r 0000-00-00 |w 2014-12-13 |y STK0 |0 0 |6 780_000000000000000_PH104TR | ||
| 952 | |0 0 |1 0 |2 ddc |4 0 |6 780_000000000000000_PH104TR |7 0 |8 700 |9 31289 |a qbu |b qbu |c D5 |d 2014-12-13 |g 6600 |o 780 PH104TR |p 4809.C9 |r 0000-00-00 |w 2014-12-13 |y STK0 |0 0 |6 780_000000000000000_PH104TR | ||
| 952 | |0 0 |1 0 |2 ddc |4 0 |6 780_000000000000000_PH104TR |7 0 |8 700 |9 31290 |a qbu |b qbu |c D5 |d 2014-12-13 |g 6600 |o 780 PH104TR |p 4809.C10 |r 0000-00-00 |w 2014-12-13 |y STK0 |0 0 |6 780_000000000000000_PH104TR | ||
| 952 | |0 0 |1 0 |2 ddc |4 0 |6 780_000000000000000_PH104TR |7 0 |8 700 |9 31291 |a qbu |b qbu |c D5 |d 2014-12-13 |g 6600 |o 780 PH104TR |p 4809.C11 |r 0000-00-00 |w 2014-12-13 |y STK0 |0 0 |6 780_000000000000000_PH104TR | ||
| 952 | |0 0 |1 0 |2 ddc |4 0 |6 780_000000000000000_PH104TR |7 0 |8 700 |9 31292 |a qbu |b qbu |c D5 |d 2014-12-13 |g 6600 |o 780 PH104TR |p 4809.C12 |r 0000-00-00 |w 2014-12-13 |y STK0 |0 0 |6 780_000000000000000_PH104TR | ||
| 952 | |0 0 |1 0 |2 ddc |4 0 |6 780_000000000000000_PH104TR |7 0 |8 700 |9 31293 |a qbu |b qbu |c D5 |d 2014-12-13 |g 6600 |o 780 PH104TR |p 4809.C13 |r 0000-00-00 |w 2014-12-13 |y STK0 |0 0 |6 780_000000000000000_PH104TR | ||
| 952 | |0 0 |1 0 |2 ddc |4 0 |6 780_000000000000000_PH104TR |7 0 |8 700 |9 31294 |a qbu |b qbu |c D5 |d 2014-12-13 |g 6600 |o 780 PH104TR |p 4809.C14 |r 0000-00-00 |w 2014-12-13 |y STK0 |0 0 |6 780_000000000000000_PH104TR | ||
| 952 | |0 0 |1 0 |2 ddc |4 0 |6 780_000000000000000_PH104TR |7 0 |8 700 |9 31295 |a qbu |b qbu |c D5 |d 2014-12-13 |g 6600 |o 780 PH104TR |p 4809.C15 |r 0000-00-00 |w 2014-12-13 |y STK0 |0 0 |6 780_000000000000000_PH104TR | ||
| 952 | |0 0 |1 0 |2 ddc |4 0 |6 780_000000000000000_PH104TR |7 0 |8 700 |9 31296 |a qbu |b qbu |c D5 |d 2014-12-13 |g 6600 |o 780 PH104TR |p 4809.C16 |r 0000-00-00 |w 2014-12-13 |y STK0 |0 0 |6 780_000000000000000_PH104TR | ||
| 952 | |0 0 |1 0 |2 ddc |4 0 |6 780_000000000000000_PH104TR |7 0 |8 700 |9 31297 |a qbu |b qbu |c D5 |d 2014-12-13 |g 6600 |o 780 PH104TR |p 4809.C17 |r 0000-00-00 |w 2014-12-13 |y STK0 |0 0 |6 780_000000000000000_PH104TR | ||
| 952 | |0 0 |1 0 |2 ddc |4 0 |6 780_000000000000000_PH104TR |7 0 |8 700 |9 31298 |a qbu |b qbu |c D5 |d 2014-12-13 |g 6600 |o 780 PH104TR |p 4809.C18 |r 0000-00-00 |w 2014-12-13 |y STK0 |0 0 |6 780_000000000000000_PH104TR | ||
| 952 | |0 0 |1 0 |2 ddc |4 0 |6 780_000000000000000_PH104TR |7 0 |8 700 |9 31299 |a qbu |b qbu |c D5 |d 2014-12-13 |g 6600 |o 780 PH104TR |p 4809.C19 |r 0000-00-00 |w 2014-12-13 |y STK0 |0 0 |6 780_000000000000000_PH104TR | ||
| 952 | |0 0 |1 0 |2 ddc |4 0 |6 780_000000000000000_PH104TR |7 0 |8 700 |9 31300 |a qbu |b qbu |c D5 |d 2014-12-13 |g 6600 |o 780 PH104TR |p 4809.C20 |r 0000-00-00 |w 2014-12-13 |y STK0 |0 0 |6 780_000000000000000_PH104TR | ||
| 952 | |0 0 |1 0 |2 ddc |4 0 |6 780_000000000000000_PH104TR |7 0 |8 700 |9 31301 |a qbu |b qbu |c D5 |d 2014-12-13 |g 6600 |o 780 PH104TR |p 4809.C21 |r 0000-00-00 |w 2014-12-13 |y STK0 |0 0 |6 780_000000000000000_PH104TR | ||
| 952 | |0 0 |1 0 |2 ddc |4 0 |6 780_000000000000000_PH104TR |7 0 |8 700 |9 31302 |a qbu |b qbu |c D5 |d 2014-12-13 |g 6600 |o 780 PH104TR |p 4809.C22 |r 0000-00-00 |w 2014-12-13 |y STK0 |0 0 |6 780_000000000000000_PH104TR | ||
| 952 | |0 0 |1 0 |2 ddc |4 0 |6 780_000000000000000_PH104TR |7 0 |8 700 |9 31303 |a qbu |b qbu |c D5 |d 2014-12-13 |g 6600 |o 780 PH104TR |p 4809.C23 |r 0000-00-00 |w 2014-12-13 |y STK0 |0 0 |6 780_000000000000000_PH104TR | ||
| 952 | |0 0 |1 0 |2 ddc |4 0 |6 780_000000000000000_PH104TR |7 0 |8 700 |9 31304 |a qbu |b qbu |c D5 |d 2014-12-13 |g 6600 |o 780 PH104TR |p 4809.C24 |r 0000-00-00 |w 2014-12-13 |y STK0 |0 0 |6 780_000000000000000_PH104TR | ||
| 952 | |0 0 |1 0 |2 ddc |4 0 |6 780_000000000000000_PH104TR |7 0 |8 700 |9 31305 |a qbu |b qbu |c D5 |d 2014-12-13 |g 6600 |o 780 PH104TR |p 4809.C25 |r 0000-00-00 |w 2014-12-13 |y STK0 |0 0 |6 780_000000000000000_PH104TR | ||
| 952 | |0 0 |1 0 |2 ddc |4 0 |6 780_000000000000000_PH104TR |7 0 |8 700 |9 31306 |a qbu |b qbu |c D5 |d 2014-12-13 |g 6600 |o 780 PH104TR |p 4809.C26 |r 0000-00-00 |w 2014-12-13 |y STK0 |0 0 |6 780_000000000000000_PH104TR | ||
| 952 | |0 0 |1 0 |2 ddc |4 0 |6 780_000000000000000_PH104TR |7 0 |8 700 |9 31307 |a qbu |b qbu |c D5 |d 2014-12-13 |g 6600 |o 780 PH104TR |p 4809.C27 |r 0000-00-00 |w 2014-12-13 |y STK0 |0 0 |6 780_000000000000000_PH104TR | ||
| 952 | |0 0 |1 0 |2 ddc |4 0 |6 780_000000000000000_PH104TR |7 0 |8 700 |9 31308 |a qbu |b qbu |c D5 |d 2014-12-13 |g 6600 |o 780 PH104TR |p 4809.C28 |r 0000-00-00 |w 2014-12-13 |y STK0 |0 0 |6 780_000000000000000_PH104TR | ||
| 952 | |0 0 |1 0 |2 ddc |4 0 |6 780_000000000000000_PH104TR |7 0 |8 700 |9 31309 |a qbu |b qbu |c D5 |d 2014-12-13 |g 6600 |o 780 PH104TR |p 4809.C29 |r 0000-00-00 |w 2014-12-13 |y STK0 |0 0 |6 780_000000000000000_PH104TR | ||
| 952 | |0 0 |1 0 |2 ddc |4 0 |6 780_000000000000000_PH104TR |7 0 |8 700 |9 31310 |a qbu |b qbu |c D5 |d 2014-12-13 |g 6600 |o 780 PH104TR |p 4809.C30 |r 0000-00-00 |w 2014-12-13 |y STK0 |0 0 |6 780_000000000000000_PH104TR | ||
| 952 | |0 0 |1 0 |2 ddc |4 0 |6 780_000000000000000_PH104TR |7 0 |8 700 |9 31311 |a qbu |b qbu |c D5 |d 2014-12-13 |g 6600 |o 780 PH104TR |p 4809.C31 |r 0000-00-00 |w 2014-12-13 |y STK0 |0 0 |6 780_000000000000000_PH104TR | ||
| 952 | |0 0 |1 0 |2 ddc |4 0 |6 780_000000000000000_PH104TR |7 0 |8 700 |9 31312 |a qbu |b qbu |c D5 |d 2014-12-13 |g 6600 |o 780 PH104TR |p 4809.C32 |r 0000-00-00 |w 2014-12-13 |y STK0 |0 0 |6 780_000000000000000_PH104TR | ||
| 952 | |0 0 |1 0 |2 ddc |4 0 |6 780_000000000000000_PH104TR |7 0 |8 700 |9 31313 |a qbu |b qbu |c D5 |d 2014-12-13 |g 6600 |o 780 PH104TR |p 4809.C33 |r 0000-00-00 |w 2014-12-13 |y STK0 |0 0 |6 780_000000000000000_PH104TR | ||
| 952 | |0 0 |1 0 |2 ddc |4 0 |6 780_000000000000000_PH104TR |7 0 |8 700 |9 31314 |a qbu |b qbu |c D5 |d 2014-12-13 |g 6600 |o 780 PH104TR |p 4809.C34 |r 0000-00-00 |w 2014-12-13 |y STK0 |0 0 |6 780_000000000000000_PH104TR | ||
| 952 | |0 0 |1 0 |2 ddc |4 0 |6 780_000000000000000_PH104TR |7 0 |8 700 |9 31315 |a qbu |b qbu |c D5 |d 2014-12-13 |g 6600 |o 780 PH104TR |p 4809.C35 |r 0000-00-00 |w 2014-12-13 |y STK0 |0 0 |6 780_000000000000000_PH104TR | ||